| 000 | 00534nam a2200205 a 4500 | ||
|---|---|---|---|
| 005 | 20140310183218.0 | ||
| 008 | 110307s19uu xx 00 eng d | ||
| 020 | _a9780071121057 | ||
| 050 |
_aP 90 _b.G299 2002 |
||
| 100 | _aGamble, Teri Kwal | ||
| 245 |
_aCommunication works / _cTeri Kwal Gamble. |
||
| 250 | _a7th ed. | ||
| 260 |
_aBoston : _bMcGrawHill, _c2002. |
||
| 300 |
_a597 p. : _bill. ; _c26 cm. |
||
| 521 | _aMC | ||
| 650 | _aCommunication. | ||
| 700 | _aGamble, Michael | ||
| 942 |
_cBK _2lcc _kFOR |
||
| 999 |
_c20262 _d20262 |
||